000 00518nam a2200181Ia 4500
005 20250326123739.0
008 250326s9999 xx 000 0 und d
037 _aTextbook
040 _aFMSL
_beng
_cFMSL
041 _aeng
_2eng
084 _aL:14:f L5
_qFMSL
100 _aBasil S G
_9735980
245 0 _aHospital organization research: review and source book
_cBasil S G
260 _aLondon
_bLondon, W B Saunders
_c1975
300 _a487p
942 _cTB
_hL:14:f L5
999 _c1270780
_d1270780